LEADER 01631nam a2200325 i 4500 001 991001521659707536 008 051006s2005 paua b 101 0 eng d 020 $a0873395360 035 $ab13385276-39ule_inst 040 $aDip.to Ingegneria dell'Innovazione$beng 082 0 $a671.5 245 00$aFriction stir welding and processing II :$bproceedings of a symposia [sic] sponsored by the Shaping and Forming Committee of the Materials Processing and Manufacturing Division (MPMD) of TMS (The Minerals, Metals & Materials Society), 2003 TMS Annual Meeting, San Diego, California, March 2-6, 2003 /$cedited by Kumar V. Jata ... [et al.] 260 $aWarrendale, Pa. :$bTMS,$cc2003 300 $aix, 274 p. :$bill. ;$c24 cm 504 $aIncludes bibliographical references and indexes 650 4$aFriction welding$vCongresses 700 1 $aSemiatin, S.L. 700 1 $aJata, Kumar V. 700 1 $aLienert, Thomas J. 700 1 $aMishra, Rajiv S. 700 1 $aMahoney, Murray W. 710 2 $aMinerals, Metals and Materials Society.$bShaping and Forming Committee 710 2 $aMinerals, Metals and Materials Society.$bMeeting$d(San Diego, Calif.) 711 2 $aTMS Symposium on Friction Stir Welding$n(2003 :$cSan Francisco, Calif.) 907 $a.b13385276$b21-09-06$c08-03-06 912 $a991001521659707536 945 $aLE026 671.5 JAT 01.02 2003$g1$i2026000026374$lle026$nProf. Cavaliere / Biblioteca$op$pE197.27$q-$rl$s- $t4$u1$v0$w1$x0$y.i14203510$z09-03-06 996 $aFriction stir welding and processing II$91090155 997 $aUNISALENTO 998 $ale026$b06-10-05$cm$da $e-$feng$gpau$h0$i0 LEADER 02352nam0 2200481 i 450 001 RAV0316592 005 20251003044329.0 010 $a8815063579 020 $aIT$b98-11479 100 $a19980706d1998 ||||0itac50 ba 101 | $aita 102 $ait 181 1$6z01$ai $bxxxe 182 1$6z01$an 200 1 $aˆLe ‰politiche economiche nel Novecento$fJean-Paul Thomas 210 $aBologna$cIl mulino$d[1998] 215 $a304 p.$d22 cm 225 | $aˆLe ‰vie della civiltà 300 $aEd. italiana a cura di Patrizia Battilani 300 $aTrad. di Andrea Michler. 410 0$1001CFI0025045$12001 $aˆLe ‰vie della civiltà 500 10$aˆLes ‰politiques économiques au 20. siècle.$3UBO0299239$9LO1V130406$914978 606 $aPolitica economica$xSec. 20.$2FIR$3CFIC100666$9I 676 $a330.1$9SCIENZE ECONOMICHE. SISTEMI E TEORIE$v12 676 $a330.1$9ECONOMIA. SISTEMI, SCUOLE, TEORIE$v21 676 $a338.9$9Produzione. Sviluppo e crescita economica$v14 676 $a338.9$9SVILUPPO ECONOMICO$v19 676 $a338.9$9SVILUPPO ECONOMICO$v20 676 $a338.9$9SVILUPPO ECONOMICO$v21 676 $a338.900904$9SVILUPPO ECONOMICO. 1900-1999$v21 676 $a338.94$9SVILUPPO ECONOMICO. Europa$v21 700 1$aThomas$b, Jean Paul$3LO1V130406$4070$0375897 801 3$aIT$bIT-000000$c19980706 850 $aIT-BN0095 $aIT-NA0079 $aIT-NA0070 $aIT-NA0075 $aIT-NA0452 901 $bNAP BU$c4 B $nPropedeutica. Formato cm. 20,1-28. 901 $bNAP BN$cS.MOD $nLa consegna dei documenti è effettuata dall'Ufficio Distribuzione 901 $bNAP IS$cISEM $nSezione di storia economica dell'ex Istituto di storia economica del Mezzogiorno 901 $bNAP 01$cPOZZO LIB.$nVi sono collocati fondi di economia, periodici di ingegneria e scienze, periodici di economia e statistica e altri fondi comprendenti documenti di economia pervenuti in dono. 912 $aRAV0316592 950 0$aBiblioteca Centralizzata di Ateneo$c1 v.$d 01POZZO LIB.ECON MON 1389$e 0101 0000203565E VMA 1 v. (Precedente collocazione: DASES B 1583)$fB $h20091218$i20091218 977 $a 01$a BN$a BU$a GE$a IS 996 $aPolitiques économiques au 20. siècle$914978 997 $aUNISANNIO